Katha prize stories / (Record no. 130890)

MARC details
000 -LEADER
fixed length control field 00621nam a22002177a 4500
005 - DATE AND TIME OF LATEST TRANSACTION
control field 20170124110119.0
010 ## - LIBRARY OF CONGRESS CONTROL NUMBER
LC control number B-077928
020 ## - INTERNATIONAL STANDARD BOOK NUMBER
Terms of availability 00.00
International Standard Book Number 81876449690
035 ## - SYSTEM CONTROL NUMBER
System control number B-077928
037 ## - SOURCE OF ACQUISITION
Source of stock number/acquisition Cen Lib/Ret
040 ## - CATALOGING SOURCE
Original cataloging agency DPL
Language of cataloging EN
082 ## - DEWEY DECIMAL CLASSIFICATION NUMBER
Classification number S
Item number KAT
245 ## - TITLE STATEMENT
Title Katha prize stories /
Statement of responsibility, etc edited by Geeta Dharmarajan
260 ## - PUBLICATION, DISTRIBUTION, ETC. (IMPRINT)
Place of publication, distribution, etc New Delhi
Name of publisher, distributor, etc Katha
Date of publication, distribution, etc 2002
270 ## - ADDRESS
City New Delhi
Address A-3, Sarvodya Enclave, Sri Aurobindo Marg
Postal code 110017
300 ## - PHYSICAL DESCRIPTION
Extent 314p.
Dimensions 19cm(Hb)
650 ## - SUBJECT ADDED ENTRY--TOPICAL TERM
Topical term or geographic name as entry element Literature
9 (RLIN) 6262
650 ## - SUBJECT ADDED ENTRY--TOPICAL TERM
Topical term or geographic name as entry element Short stories, Indic
9 (RLIN) 26886
700 ## - ADDED ENTRY--PERSONAL NAME
Personal name Dharmarajan, Geeta
9 (RLIN) 30354
942 ## - ADDED ENTRY ELEMENTS (KOHA)
Source of classification or shelving scheme Dewey Decimal Classification
Koha item type English Books
Classification part S
Call number suffix KAT
Holdings
Withdrawn status Lost status Damaged status Not for loan Home library Current library Date acquired Source of acquisition Cost, normal purchase price Total Checkouts Full call number Barcode Date last seen Date checked out Copy number Cost, replacement price Price effective from Koha item type
        Central Library Central Library 10/07/2015 Cen Lib/Ret 0.00 1 S KAT B-077928 20/07/2018 05/07/2018 1 0.00 10/07/2015 English Books

© Delhi Public Library
Hit Counter
free hit counter